000 01195nam a22003857a 4500
001 BR0804432
003 BR-BrBNA
005 20230928102629.0
007 ta
008 230509b bl.||||| |||| 00| 0 por d
040 _aBR-BrBNA
_bpor
_cBiblioteca Nacional de Agricultura
041 _a(Por)
072 _aP01; E14
090 _ P01 BR0804432
100 1 _aCreed, J.C.(org.)
100 1 _aPires, D.O.(org.)
100 1 _aFigueiredo, M.A. de O.(org.)
110 1 _aMinistério do Meio Ambiente, Brasília, DF (Brasil). Secretaria Nacional de Biodiversidade e Florestas
_97568
245 1 _aBiodiversidade marinha da Baía da Ilha Grande
_bBiodiversidade 23
260 3 _aBrasília, DF (Brasil):
_c2007.
300 _a416 p.
500 _a17 tables; 135 illus.; Several bibliography
650 _aBIODIVERSIDADE
650 _aRESERVA BIOLÓGICA
650 _aECOSSISTEMA
650 _aMEIO AMBIENTE
650 _aPRESERVAÇÃO DA NATUREZA
650 _aPROTEÇÃO AMBIENTAL
650 _aPROJETO DE DESENVOLVIMENTO
650 _aÁGUAS OCEANICAS
650 _aIMPACTO AMBIENTAL
650 _aRIO DE JANEIRO
909 _a202309
_bLucia
_c55
_dLucia Elande
942 _cBK
999 _c71751
_d71751